<?xml version="1.0" encoding="UTF-8"?>
<record
    xmlns:xsi="http://www.w3.org/2001/XMLSchema-instance"
    xsi:schemaLocation="http://www.loc.gov/MARC21/slim http://www.loc.gov/standards/marcxml/schema/MARC21slim.xsd"
    xmlns="http://www.loc.gov/MARC21/slim">

  <leader>01794pam a2200253 a 4500</leader>
  <controlfield tag="001">17305796</controlfield>
  <controlfield tag="003">OSt</controlfield>
  <controlfield tag="005">20240828104735.0</controlfield>
  <controlfield tag="008">120518s2012    moua     b    001 0 eng  </controlfield>
  <datafield tag="020" ind1=" " ind2=" ">
    <subfield code="a">9780323320092</subfield>
  </datafield>
  <datafield tag="040" ind1=" " ind2=" ">
    <subfield code="c">LC</subfield>
  </datafield>
  <datafield tag="050" ind1="0" ind2="0">
    <subfield code="a">RC735.I5.P55</subfield>
  </datafield>
  <datafield tag="245" ind1="1" ind2="0">
    <subfield code="a">Mechanical ventilation :</subfield>
    <subfield code="b">physiological and clinical applications. /</subfield>
    <subfield code="c">J.M. Cairo... [et al.]</subfield>
  </datafield>
  <datafield tag="250" ind1=" " ind2=" ">
    <subfield code="a">6th ed.</subfield>
  </datafield>
  <datafield tag="260" ind1=" " ind2=" ">
    <subfield code="a">St. Louis, Mo. :</subfield>
    <subfield code="b">Elsevier,</subfield>
    <subfield code="c">2016.</subfield>
  </datafield>
  <datafield tag="300" ind1=" " ind2=" ">
    <subfield code="a">xvi, 571 p. :</subfield>
    <subfield code="b">ill. ;</subfield>
  </datafield>
  <datafield tag="500" ind1=" " ind2=" ">
    <subfield code="a">Includes bibliographical references and index.</subfield>
  </datafield>
  <datafield tag="505" ind1=" " ind2=" ">
    <subfield code="a">Contents : Basic terms and concepts of mechanical ventilation -- How ventilators work -- How a breath is delivered -- Establishing the need for mechanical ventilation -- Selecting the ventilator and the mode -- Initial ventilator settings -- Final consideration in ventilator setup -- Initial patient assessment -- Ventilator graphics -- Assessment of respiratory function -- Hemodynamic monitoring -- Methods to improve ventilation in patient - ventilator management -- Improving oxygenation and management of acute respiratory distress syndrome -- Ventilator - associated pneumonia -- Sedatives, analgesics, and paralytics -- Extrapulmonary effects of mechanical ventilation -- Effects of positive - pressure ventilation on the pulmonary system -- Troubleshooting and problem solving -- Basic concepts of noninvasive positive-pressure ventilation -- Weaning and discontinuation from mechanical ventilation -- Long - term ventilation -- Neonatal and pediatric mechanical ventilation -- Special techniques in ventilatory support -- </subfield>
  </datafield>
  <datafield tag="600" ind1=" " ind2=" ">
    <subfield code="v">Physiological and clinical applications</subfield>
    <subfield code="9">3130</subfield>
  </datafield>
  <datafield tag="650" ind1=" " ind2="0">
    <subfield code="a">Respiratory therapy.</subfield>
    <subfield code="9">3131</subfield>
  </datafield>
  <datafield tag="700" ind1="1" ind2=" ">
    <subfield code="a">Pilbeam, Susan P.,</subfield>
    <subfield code="9">3132</subfield>
  </datafield>
  <datafield tag="700" ind1="1" ind2=" ">
    <subfield code="a">Cairo, Jimmy M.</subfield>
    <subfield code="9">3129</subfield>
  </datafield>
  <datafield tag="942" ind1=" " ind2=" ">
    <subfield code="2">lcc</subfield>
    <subfield code="c">BK</subfield>
  </datafield>
  <datafield tag="999" ind1=" " ind2=" ">
    <subfield code="c">10418</subfield>
    <subfield code="d">17918</subfield>
  </datafield>
  <datafield tag="952" ind1=" " ind2=" ">
    <subfield code="0">0</subfield>
    <subfield code="1">0</subfield>
    <subfield code="2">lcc</subfield>
    <subfield code="4">0</subfield>
    <subfield code="7">0</subfield>
    <subfield code="a">WIUC-KL</subfield>
    <subfield code="b">WIUC-KL</subfield>
    <subfield code="c">NURS L.</subfield>
    <subfield code="d">2024-08-21</subfield>
    <subfield code="o">RC.735.I5.P55 (6e)</subfield>
    <subfield code="p">KSN/1494/235/24</subfield>
    <subfield code="r">2024-08-26 00:00:00</subfield>
    <subfield code="t">1</subfield>
    <subfield code="w">2024-08-26</subfield>
    <subfield code="y">BK</subfield>
  </datafield>
  <datafield tag="952" ind1=" " ind2=" ">
    <subfield code="0">0</subfield>
    <subfield code="1">0</subfield>
    <subfield code="2">lcc</subfield>
    <subfield code="4">0</subfield>
    <subfield code="7">0</subfield>
    <subfield code="a">WIUC-KL</subfield>
    <subfield code="b">WIUC-KL</subfield>
    <subfield code="c">NURS L.</subfield>
    <subfield code="d">2024-08-21</subfield>
    <subfield code="o">RC.735.I5P.551 (6e)</subfield>
    <subfield code="p">KSN/1495/236/24</subfield>
    <subfield code="r">2024-08-26 00:00:00</subfield>
    <subfield code="t">2</subfield>
    <subfield code="w">2024-08-26</subfield>
    <subfield code="y">BK</subfield>
  </datafield>
  <datafield tag="952" ind1=" " ind2=" ">
    <subfield code="0">0</subfield>
    <subfield code="1">0</subfield>
    <subfield code="2">lcc</subfield>
    <subfield code="4">0</subfield>
    <subfield code="7">0</subfield>
    <subfield code="a">WIUC-KL</subfield>
    <subfield code="b">WIUC-KL</subfield>
    <subfield code="c">NURS L.</subfield>
    <subfield code="d">2024-08-21</subfield>
    <subfield code="o">RC.735.I5.P552 (6e)</subfield>
    <subfield code="p">KSN/1496/237/24</subfield>
    <subfield code="r">2024-08-26 00:00:00</subfield>
    <subfield code="t">3</subfield>
    <subfield code="w">2024-08-26</subfield>
    <subfield code="y">BK</subfield>
  </datafield>
  <datafield tag="952" ind1=" " ind2=" ">
    <subfield code="0">0</subfield>
    <subfield code="1">0</subfield>
    <subfield code="2">lcc</subfield>
    <subfield code="4">0</subfield>
    <subfield code="7">0</subfield>
    <subfield code="a">WIUC-KL</subfield>
    <subfield code="b">WIUC-KL</subfield>
    <subfield code="c">NURS L.</subfield>
    <subfield code="d">2024-08-21</subfield>
    <subfield code="o">RC735.I5.P553 (6e)</subfield>
    <subfield code="p">KSN/1497/238/24</subfield>
    <subfield code="r">2024-08-26 00:00:00</subfield>
    <subfield code="t">4</subfield>
    <subfield code="w">2024-08-26</subfield>
    <subfield code="y">BK</subfield>
  </datafield>
  <datafield tag="952" ind1=" " ind2=" ">
    <subfield code="0">0</subfield>
    <subfield code="1">0</subfield>
    <subfield code="2">lcc</subfield>
    <subfield code="4">0</subfield>
    <subfield code="7">0</subfield>
    <subfield code="a">WIUC-KL</subfield>
    <subfield code="b">WIUC-KL</subfield>
    <subfield code="c">NURS L.</subfield>
    <subfield code="d">2024-08-21</subfield>
    <subfield code="o">RC735.I5.P554 (6e)</subfield>
    <subfield code="p">KSN/1498/239/24</subfield>
    <subfield code="r">2024-08-26 00:00:00</subfield>
    <subfield code="t">5</subfield>
    <subfield code="w">2024-08-26</subfield>
    <subfield code="y">BK</subfield>
  </datafield>
  <datafield tag="952" ind1=" " ind2=" ">
    <subfield code="0">0</subfield>
    <subfield code="1">0</subfield>
    <subfield code="2">lcc</subfield>
    <subfield code="4">0</subfield>
    <subfield code="7">0</subfield>
    <subfield code="a">WIUC-KL</subfield>
    <subfield code="b">WIUC-KL</subfield>
    <subfield code="c">NURS L.</subfield>
    <subfield code="d">2024-08-21</subfield>
    <subfield code="o">RC735.I5.P555 (6e)</subfield>
    <subfield code="p">KSN/1499/240/24</subfield>
    <subfield code="r">2024-08-26 00:00:00</subfield>
    <subfield code="t">6</subfield>
    <subfield code="w">2024-08-26</subfield>
    <subfield code="y">BK</subfield>
  </datafield>
</record>
